| 000 | 00686nam a2200169Ia 4500 | ||
|---|---|---|---|
| 008 | 090711s9999 xx 000 0 und d | ||
| 082 | _b734 | ||
| 100 | _aमोहोळकर रामSांद्र मु. | ||
| 245 | _aभाग्यांक 3 रा (पुस्तक 7वे) | ||
| 260 |
_bहनुमान छापखाना _c1937 |
||
| 300 | _a32 | ||
| 600 | _aमोहोळकर रामSांद्र मु. | ||
| 630 | _aभाग्यांक 3 रा (पुस्तक 7वे) | ||
| 700 | _aमोहोळकर रामSांद्र मु. | ||
| 730 | _aभाग्यांक 3 रा (पुस्तक 7वे) | ||
| 942 | _cBOOK | ||
| 999 |
_c306972 _d306972 |
||